| 000 | 00780ngm a2200169 a 4500 | ||
|---|---|---|---|
| 005 | 20210219153826.0 | ||
| 008 | 010918s1980 mx 017 aaspa d | ||
| 035 | _aUPN01000111682 | ||
| 049 | _aAV | ||
| 050 | 4 | _aPVI Q 1158 | |
| 245 | 0 | 0 |
_aAnimales unicelulares : _bprotozoarios. |
| 260 |
_aMéxico : _bPelículas Ebesa [distribuidor], _c[198-?] |
||
| 300 |
_a1 videocasete (VHS) (17 min.) : _bson., col. |
||
| 520 | _aIlustra las características y el comportamiento de representantes de cada una de las clases de protozoarios. Demuestra los procesos de digestión y reproducción de algunos de los protozoarios más representativos. Discute la teoría de que estos animales han evolucionado de antiguas plantas unicelulares | ||
| 650 | 4 | _aPROTOZOARIOS | |
| 905 | _aAudiovisuales | ||
| 999 |
_c85590 _d85590 |
||